K fenoménu kodifikácie súkromného práva

Znaky súkromnoprávnej kodifikácie. Angloamerická kodifikácia. Účinky súkromnoprávnej kodifikácie. Vzory a dedičstvo kodifikácií.

Enregistré dans:
Détails bibliographiques
Auteur principal: Štefanko, Jozef
Format: Chapitre de livre
Langue:slovaque
Sujets:
Tags: Ajouter un tag
Pas de tags, Soyez le premier à ajouter un tag!

MARC

LEADER 00000naa a2200000 4500
001 0227596
005 20220719123520.4
041 0 |a slo 
044 |a SK 
245 1 0 |a K fenoménu kodifikácie súkromného práva  |c Jozef Štefanko 
520 |a Znaky súkromnoprávnej kodifikácie. Angloamerická kodifikácia. Účinky súkromnoprávnej kodifikácie. Vzory a dedičstvo kodifikácií. 
610 2 0 |a právo súkromné 
610 2 0 |a kodifikácia práva 
610 2 0 |a normy právne 
610 2 0 |a história 
100 1 |a Štefanko, Jozef